Score 0/28 Timer 04:00
2 Plays Today
Clue 6-Letter Rung % Correct
Used by the third Little Pig to build his houseBRICKS
92.1%
Eyelid movementsBLINKS
90.9%
Magic maneuversTRICKS
90.3%
Edges of disasterBRINKS
88.8%
Mixes in a food processorBLENDS
88.7%
HemorrhagesBLEEDS
87.3%
Venetian, perhapsBLINDS
87%
Subspecies of dogsBREEDS
84.9%
Moose _____, ice cream flavorTRACKS
84%
Who followers followLEADER
83.8%
Floorboard noisesCREAKS
83.7%
Assigned a score to a testGRADED
80.3%
DigitFINGER
80.1%
Coffee and lunch, perhapsBREAKS
79.4%
Clue 6-Letter Rung % Correct
Challah and white, for exampleBREADS
78.9%
SwappedTRADED
77.5%
Treated gasoline (petrol)LEADED
75.6%
OutlinedTRACED
71.2%
Small quantitiesTRACES
70%
This person is the ''keeper''FINDER
67.1%
Prophet, possibly one who uses palmsREADER
66.2%
Some baked potatoesLOADED
65.1%
Prodded with a stickGOADED
64.3%
It may end up in a benderFENDER
64.2%
To makeRENDER
60.9%
♫ Song by The Cranberries: _____♫ LINGER ♫
56.2%
Defeats the competitionCREAMS
49.2%
♫ Song by The Cranberries: _____♫ DREAMS ♫
44.6%

Today's Daily Dose

Missing Word
'T' Pairs

Word Ladder
Game Pieces

Get the Picture
Baseball Movies

Remove Ads.
Support Sporcle.
Get the best of Sporcle when you Go Orange. This ad-free experience offers more features, more stats, and more fun while also helping to support Sporcle. Thank you for becoming a member.

You're not logged in!

Compare scores with friends on all Sporcle quizzes.
OR
Log In

Show Comments

Extras

Top Quizzes Today


Score Distribution

Your Account Isn't Verified!

In order to create a playlist on Sporcle, you need to verify the email address you used during registration. Go to your Sporcle Settings to finish the process.

Report this User

Report this user for behavior that violates our Community Guidelines.

Details: